Văn hoá của nhóm nghèo ở Việt Nam : Thực trạng và giải pháp /
সংরক্ষণ করুন:
| অন্যান্য লেখক: | , , |
|---|---|
| বিন্যাস: | Sách giấy |
| ভাষা: | Vietnamese |
| প্রকাশিত: |
Hà Nội :
Văn hoá Thông tin ,
2001
|
| ট্যাগগুলো: |
ট্যাগ যুক্ত করুন
কোনো ট্যাগ নেই, প্রথমজন হিসাবে ট্যাগ করুন!
|
| Thư viện lưu trữ: | Thư viện Trường Đại học Đà Lạt |
|---|
| LEADER | 00738nam a2200265 4500 | ||
|---|---|---|---|
| 001 | DLU020018883 | ||
| 005 | ##10/19/2001 | ||
| 020 | # | # | |a 978- |
| 041 | # | # | |a vie |
| 082 | # | # | |a 305.569 |b Van |
| 245 | # | # | |a Văn hoá của nhóm nghèo ở Việt Nam : |b Thực trạng và giải pháp / |c Lương Hồng Quang, Nguyễn Tuấn Anh, Trần Lan Hương, ... |
| 260 | # | # | |a Hà Nội : |b Văn hoá Thông tin , |c 2001 |
| 300 | # | # | |a 280 tr.; |c 21 cm. |
| 700 | # | # | |a Lương Hồng Quang |
| 700 | # | # | |a Nguyễn Tuấn Anh |
| 700 | # | # | |a Trần Lan Hương |
| 992 | # | # | |a 32000 |
| 994 | # | # | |a DLU |
| 900 | # | # | |a False |
| 911 | # | # | |a Administrator |
| 925 | # | # | |a G |
| 926 | # | # | |a A |
| 927 | # | # | |a SH |
| 980 | # | # | |a Thư viện Trường Đại học Đà Lạt |